Lolita / (Record no. 30842)
[ view plain ]
| 000 -LEADER | |
|---|---|
| fixed length control field | 00977nam a22002417a 4500 |
| 005 - DATE AND TIME OF LATEST TRANSACTION | |
| control field | 20091008101220.0 |
| 008 - FIXED-LENGTH DATA ELEMENTS--GENERAL INFORMATION | |
| fixed length control field | 840727s1984 nyu | 00| f eng |
| 010 ## - LCCN (DPL NO) | |
| LC control number | B-359313 |
| 020 ## - INTERNATIONAL STANDARD BOOK NUMBER | |
| International Standard Book Number | 9780141037431 |
| Terms of availability | 199.00 |
| 035 ## - SYSTEM CONTROL NUMBER | |
| System control number | B-359313 |
| 037 ## - SOURCE OF ACQUISITION | |
| Source of stock number/acquisition | Super (vendor) |
| 040 ## - CATALOGING SOURCE | |
| Original cataloging agency | dpl |
| Language of cataloging | English |
| 082 ## - DEWEY DECIMAL CLASSIFICATION NUMBER | |
| Classification number | N |
| 100 ## - MAIN ENTRY--PERSONAL NAME | |
| Personal name | Nabokov, Vladimir |
| 245 ## - TITLE STATEMENT | |
| Title | Lolita / |
| Statement of responsibility, etc | by Vladimir Nabokov |
| 260 ## - PUBLICATION, DISTRIBUTION, ETC. (IMPRINT) | |
| Place of publication, distribution, etc | Australia |
| Name of publisher, distributor, etc | Penguin Books |
| Date of publication, distribution, etc | 2008 |
| 270 ## - ADDRESS | |
| Address | 250 Camberwell Road, Camberwell, |
| City | Victoria |
| Postal code | 3124 |
| 300 ## - PHYSICAL DESCRIPTION | |
| Extent | 361p. |
| Dimensions | 20cm. (pbk) |
| 700 ## - ADDED ENTRY--PERSONAL NAME | |
| Personal name | Nabokov, Vladimir Vladimirovich, |
| Dates associated with a name | 1899-1977. |
| 942 ## - ADDED ENTRY ELEMENTS (KOHA) | |
| Source of classification or shelving scheme | Dewey Decimal Classification |
| Item type | English Books |
| Classification part | N |
| Call number suffix | NAB |
| Withdrawn status | Lost status | Source of classification or shelving scheme | Damaged status | Not for loan | Collection code | Home library | Current library | Date acquired | Source of acquisition | Cost, normal purchase price | Total Checkouts | Total Renewals | Full call number | Barcode | Date last seen | Copy number | Cost, replacement price | Koha item type |
|---|---|---|---|---|---|---|---|---|---|---|---|---|---|---|---|---|---|---|
| Withdrawn | Dewey Decimal Classification | Fiction | Janak Puri | Janak Puri | 08/10/2009 | Super Book/50881/11.9.09/96/4.9.09/2.10.09 | 199.00 | 26 | 7 | N NAB | B-359313 | 25/09/2017 | 1 | 199.00 | English Books |
